00640 2200217 4500001002100000008004100021035002000062245010300082100002700185700001100212700001100223260004600234300002800280020002200308084001600330520002500346082001000371650001700381990001200398990001200410INLIS000000000015224 ind  a0010-1222000303 a99 Inspirasi Petang Untuk Setiap MuslimcMuhammad Hadi Bashori;Penyunting; Syaiful, Erlina, Endang aMUHAMMAD, Hadi Bashori aERLINA aENDANG aSurakarta :bAl- Qudwah Publishing,c2018 a318 hlm.: ilus.c23 cm. a978-602-317-111-8 a297.4 MUH s aBibliografi.:hlm 318 a297.4 aISLAM, FIKIH a10037 a a10037 b